000 00230 a2200109 4500
001 50937
040 _cAnchieta - Pituba
240 1 0 _aBem-vindo!
_l
245 1 0 _aBem-vindo!
650 4 _aLĂ­nguas espanhola e portuguesa
942 _cMX
999 _c50937
_d50937